000
00244nam a2200097Ia 4500
001
681259
005
20250826161356.0
008
250824s9999 xx 000 0 und d
245
0
_a
KÜÇÜK CADI ŞEROKS
_c
ASLI DER
260
_b
GÜNIŞIĞI YAYINLARI
999
_c
681259
_d
681259